Microcomputers and Microprocessors : The 8080,8085 and z-80 Programming (Record no. 111)

MARC details
000 -LEADER
fixed length control field 00450nam a22001697a 4500
005 - DATE AND TIME OF LATEST TRANSACTION
control field 20180201145456.0
008 - FIXED-LENGTH DATA ELEMENTS--GENERAL INFORMATION
fixed length control field 160427b xxu||||| |||| 00| 0 eng d
020 ## - INTERNATIONAL STANDARD BOOK NUMBER
ISBN 0-81-203-2100-6
041 ## - LANGUAGE CODE
Language code of text/sound track or separate title eng
082 ## - DEWEY DECIMAL CLASSIFICATION NUMBER
Item number 00345
Classification number 004.16
100 ## - MAIN ENTRY--AUTHOR NAME
Personal name Uffenbeck, John
245 ## - TITLE STATEMENT
Title Microcomputers and Microprocessors : The 8080,8085 and z-80 Programming
250 ## - EDITION STATEMENT
Edition statement 3rd ed.
260 ## - PUBLICATION, DISTRIBUTION, ETC. (IMPRINT)
Place of publication New Delhi
Name of publisher PHI Pvt Ltd.
Year of publication 2000
300 ## - PHYSICAL DESCRIPTION
Number of Pages 729
942 ## - ADDED ENTRY ELEMENTS (KOHA)
Koha item type Books
Holdings
Lost status Damaged status Collection code Home library Current library Shelving location Date acquired Source of acquisition Cost, normal purchase price Full call number Accession Number Koha item type
    CS/IT JRU Library JRU Library SHELF-48-J 27/04/2016 PURCHASE 250.00 004.165 00345 Books
    CS/IT JRU Library JRU Library SHELF-48-J 27/04/2016 PURCHASE 250.00 004.165 00346 Books